Refrigeration and air conditioning technology : (Record no. 183569)
[ view plain ]
| 000 -LEADER | |
|---|---|
| fixed length control field | 01123 a2200253 4500 |
| 003 - CONTROL NUMBER IDENTIFIER | |
| control field | Nust |
| 005 - DATE AND TIME OF LATEST TRANSACTION | |
| control field | 20230320085709.0 |
| 010 ## - LIBRARY OF CONGRESS CONTROL NUMBER | |
| LC control number | 88016136 |
| 020 ## - INTERNATIONAL STANDARD BOOK NUMBER | |
| International Standard Book Number | 0827324170 (instructor's guide) |
| 020 ## - INTERNATIONAL STANDARD BOOK NUMBER | |
| International Standard Book Number | 0827324189 (student guide) |
| 020 ## - INTERNATIONAL STANDARD BOOK NUMBER | |
| International Standard Book Number | 0827334788 |
| 040 ## - CATALOGING SOURCE | |
| Transcribing agency | Nust |
| 082 00 - DEWEY DECIMAL CLASSIFICATION NUMBER | |
| Classification number | 621.56,WHI |
| 100 1# - MAIN ENTRY--PERSONAL NAME | |
| Personal name | Whitman, William C., |
| 9 (RLIN) | 110536 |
| 245 10 - TITLE STATEMENT | |
| Title | Refrigeration and air conditioning technology : |
| Remainder of title | concepts, procedures, and troubleshooting techniques / |
| Statement of responsibility, etc. | William C. Whitman, William M. Johnson. |
| 250 ## - EDITION STATEMENT | |
| Edition statement | Rev. to include three units on domestic appliances. |
| 260 ## - PUBLICATION, DISTRIBUTION, ETC. | |
| Place of publication, distribution, etc. | Albany, N.Y. : |
| Name of publisher, distributor, etc. | Delmar, |
| Date of publication, distribution, etc. | c1988. |
| 300 ## - PHYSICAL DESCRIPTION | |
| Extent | xv, 905 p. : |
| Other physical details | ill. (some col.) ; |
| Dimensions | 29 cm. |
| 505 ## - FORMATTED CONTENTS NOTE | |
| Formatted contents note | Theory of Heat (Page-1), Shop Practices and Tools (Page-41), Basic Automatic Controls (Page-121), Commercial Refrigeration (Page-207), Electric Motors (Page-363), Air Conditioning (Page-417), Air Conditioning (Cooling) (Page-563), All Weather Systems (Page-693). |
| 650 #0 - SUBJECT ADDED ENTRY--TOPICAL TERM | |
| Topical term or geographic name entry element | Air conditioning. |
| 650 #0 - SUBJECT ADDED ENTRY--TOPICAL TERM | |
| Topical term or geographic name entry element | Refrigeration and refrigerating machinery. |
| 9 (RLIN) | 19031 |
| 700 1# - ADDED ENTRY--PERSONAL NAME | |
| Personal name | Johnson, William M. |
| 9 (RLIN) | 110537 |
| 942 ## - ADDED ENTRY ELEMENTS (KOHA) | |
| Source of classification or shelving scheme | |
| Koha item type | Book |
| Withdrawn status | Lost status | Source of classification or shelving scheme | Damaged status | Not for loan | Permanent Location | Current Location | Shelving location | Date acquired | Full call number | Barcode | Date last seen | Price effective from | Koha item type | Public note |
|---|---|---|---|---|---|---|---|---|---|---|---|---|---|---|
| Military College of Signals (MCS) | Military College of Signals (MCS) | General Stacks | 12/12/2016 | 621.56,WHI | MCS20699 | 12/08/2016 | 12/12/2016 | Book | Almirah No.74, Shelf No.6 |
